000 00374nam a2200145 i 4500
001 bg
100 1 _aPAŃKÓW, Maria
245 0 _aPrzewodnik astronomiczny po Polsce /
_cMaria Pańków, Kazimierz Schilling.
260 _aOlsztyn,
_c1982.
700 1 _aSCHILLING, Kazimierz
040 _cBPK
041 _apol
942 _cKS
008 s pl f |000 0 pol
999 _c21157
_d21157
856 _uhttp://koha.tu.koszalin.pl/cgi-bin/koha/opac-detail.pl?biblionumber=21157
_yKatalog online BPK